Monospace and Multiverse : Exploring Space with Actor-Network-Theory.

Bibliographic Details
Main Author: Hansmann, Sabine.
Format: eBook
Language:English
Published: Bielefeld : transcript, 2020.
Edition:1st ed.
Series:Materialitäten
Subjects:
Online Access:Click to View
LEADER 01476nam a22003733i 4500
001 EBC6752683
003 MiAaPQ
005 20231204023219.0
006 m o d |
007 cr cnu||||||||
008 231204s2020 xx o ||||0 eng d
020 |a 9783839455029  |q (electronic bk.) 
020 |z 9783837655025 
035 |a (MiAaPQ)EBC6752683 
035 |a (Au-PeEL)EBL6752683 
035 |a (OCoLC)1233041103 
040 |a MiAaPQ  |b eng  |e rda  |e pn  |c MiAaPQ  |d MiAaPQ 
100 1 |a Hansmann, Sabine. 
245 1 0 |a Monospace and Multiverse :  |b Exploring Space with Actor-Network-Theory. 
250 |a 1st ed. 
264 1 |a Bielefeld :  |b transcript,  |c 2020. 
264 4 |c ©2021. 
300 |a 1 online resource (244 pages) 
336 |a text  |b txt  |2 rdacontent 
337 |a computer  |b c  |2 rdamedia 
338 |a online resource  |b cr  |2 rdacarrier 
490 1 |a Materialitäten ;  |v v.28 
588 |a Description based on publisher supplied metadata and other sources. 
590 |a Electronic reproduction. Ann Arbor, Michigan : ProQuest Ebook Central, 2023. Available via World Wide Web. Access may be limited to ProQuest Ebook Central affiliated libraries.  
655 4 |a Electronic books. 
776 0 8 |i Print version:  |a Hansmann, Sabine  |t Monospace and Multiverse  |d Bielefeld : transcript,c2020  |z 9783837655025 
797 2 |a ProQuest (Firm) 
830 0 |a Materialitäten 
856 4 0 |u https://ebookcentral.proquest.com/lib/matrademy/detail.action?docID=6752683  |z Click to View